000 04827cam a22004934i 4500
003 PE-LiUPU
005 20250731165550.0
008 150625s r 000 0 d
035 _a(Sirsi) a34431
035 _a(Sirsi) a34431
040 _aPE-LiUPU
_bspa
_cPE-LiUPU
_erda
082 0 4 _a985.04
_bD
_223
100 1 _aPuente Candamo, José Agustín de la,
_eautor.
245 1 0 _aObra Gubernativa y Epistolario de San Martín :
_nVolumen 2. /
_cinvestigación y prólogo por José A. de la Puente Candamo.
264 1 _aLima :
_bComisión Nacional del Sesquicentenario de la Independencia del Perú,
_c1976.
300 _a574 páginas :
_bilustraciones ;
_c25 centímetros.
336 _atext
_2rdacontent
337 _aunmediated
_2rdamedia
338 _avolume
_2rdacarrier
490 0 _aColección Documental de la Independencia del Perú ;
_v13
500 _a"Año de la producción"
505 0 _aManifiesto de las sesiones tenidas en cl pueblo de Miraflores para las transacciones de la paz; y documentos presentados por parte de los comisionados en ellas publicadas de orden de este gobierno -- Manifiesto del Excelentísino Ayuntamiento de esta Capital sobre los derechos del pueblo en la próxima elección de alcaldes, regidores y procuradores síndicos -- Manifiesto y documentos de las Negociaciones de Punchauca entre los diputados de los Excmos. Señores Generales Don José de San Martín y Don José de la Serna a consecuencia de la legada del Capitán de Fragata Don Manuel Abreu, comisionado pacificador de la corte de España -- La Conferencia de Punchauca. Testimonio de Tomás Guido -- La Municipalidad de Huamachuco alienta a los patriotas comunicando el Armisticio de Punchauca: 1821 -- La Conferencia de Guayaquil -- La Entrevista de Guayaquil. Relación del primer edecán Rufino Guido -- Testimonio de Rufino Guido que recibió Gerónimo Espejo -- Testimonios de 1822 sobre negociaciones con los españoles -- Exposición que hace un peruano al Virrey La Serna acerca del verdadero estado político de la América en la presente época -- Deposición de Monteagudo. Lima Justificada en el suceso del 25 de julio. Impreso, de orden de la Ilustrísima Municipalidad. Lima: Año de 1822: Por D. Manuel del Río -- Papeles relativos a la deposición de Monteagudo -- Exposición de las Tareas administrativas del gobierno desde su instalación hasta el 15 de julio de 1822, presentada al Consejo por el Ministro de Estado y Relaciones Exteriores Don Bernardo Monteagudo, en cumplimiento del Decreto Protectoral del 18 de enero. Lima, 1822. Imprenta de D. Manuel del Río -- Bernardo Monteagudo. Memoria sobre los principios políticos que seguí en la administración del Perú y acontecimientos posteriores a mi separación Instalación del Congreso -- La verdad demostrada por si -- Impugnación al artículo inserto contra el Fundador de la Libertad del Perú, y los jefes de su ejército en el número 5 de la "Abeja Republicana" escrita y dedicada a éstos por los amigos de la libertad -- Proclamas, órdenes, bandos -- Salutación que en las circunstancias actuales a nombre del pueblo de Lima hacen los verdaderos patriotas a su Libertador el Protector de la Libertad del Perú al invicto General San Martín -- El General San Martín y las apelaciones de los sentenciados por los gobernadores de Partido; 1821 -- El cupo a particulares para la defensa realista de Lima: 1820 -- Papeles de Hacienda – Varios -- Cuenta de los gastos que se han hecho en la casa de S.E. el Señor Protector desde el 1° de junio de 1822 hasta el 30 del último -- Catálogo de la Biblioteca que poseía San Martín y que regaló a la ciudad de Lima -- Guía de forasteros de Lima, corregida para el año de 1822. Por el D.D. José Gregorio Paredes, Catedrático de Prima de Matemáticas en la Universidad de S. Marcos, Cosmógrafo Mayor del Perú, 7: Miembro de la Sociedad Patriótica, Imprenta del Estado. Se vende en la Calle de Palacio -- Cesación del Gobierno español en el Perú. 1820.
526 _aSEG44
526 _aSEG26
526 _aP151
526 _aP150
526 _aP149
526 _aP146
526 _aP145
526 _aP126
526 _aP125
526 _aP92
526 _aP75
526 _aP74
526 _aP27
526 _aP15
600 1 _aSan Martín, José de.
_d1778-1850
651 _aPerú
_xHistoria
_yEmancipación, 1808-1824
_vDocumentos.
710 _aComisión Nacional del Sesquicentenario de la Independencia del Perú.
_91045
942 _2ddc
_cBK
949 _aRC 985.04 D 13 / 2
_wDEWEY
_c1
_i17015
_lRC
_mBUL
_r0
_sY
_tBOOK
_u2015-6-25
_xBIBLIOTECA
_zUNKNOWN
_0COMPRA
_o.CIRCNOTE. No olvidar cambiar la fecha de devolución!!!!!!!
_o.STAFF. Colección General
999 _c42287
_d42287
980 _81
_gALBERTO SANCHEZ Responsable de Automatización